000 00262nam a2200109Ia 4500
008 190216s9999||||xx |||||||||||||| ||und||
100 _aSayyid Sulaiman Nadwi
245 0 _aHasrath Ayisha
260 _bHadi Publications
650 _aIslamic History
942 _cBK
999 _c22029
_d22029